000 00560nam a22001817a 4500
003 OSt
005 20251215004942.0
008 251215b |||||||| |||| 00| 0 eng d
020 _a971-23-4068-6
040 _aDWC-Main lib.
_cOC
082 _22005 ed.
_aFil. 338.73 D377 2005
100 _aDe Leon, Hector S.
245 _aThe law on partnerships and private corporations/
_cHector S. De Leon
260 _aManila :
_bRex Publishing Co., Inc.,
_cc2005.
300 _axxvi, 602 p. ;
_c22 cm.
760 _b2005 ed.
942 _2ddc
_cBK - FIL
_e2005 ed.
_kFil.
_n0
999 _c7067
_d7067